UM Logo

Innovative strategies in teaching reading/ (Record no. 15762)

MARC details
000 -LEADER
fixed length control field 00619nam a22001817a 4500
008 - FIXED-LENGTH DATA ELEMENTS--GENERAL INFORMATION
fixed length control field 201119b ||||| |||| 00| 0 eng d
020 ## - INTERNATIONAL STANDARD BOOK NUMBER
International Standard Book Number 9710606247
082 ## - DEWEY DECIMAL CLASSIFICATION NUMBER
Edition number 1984
Classification number DFil 418.407
Item number V71
100 ## - MAIN ENTRY--PERSONAL NAME
Personal name Villamin, Araceli M.
9 (RLIN) 42586
245 ## - TITLE STATEMENT
Title Innovative strategies in teaching reading/
Statement of responsibility, etc. Araceli M. Villamin
260 ## - PUBLICATION, DISTRIBUTION, ETC. (IMPRINT)
Place of publication, distribution, etc. Quezon City:
Name of publisher, distributor, etc. Phoenix Publishing House, Inc.,
Date of publication, distribution, etc. ©1984.
300 ## - PHYSICAL DESCRIPTION
Extent iii, 213 pages;
Dimensions 21 cm.
500 ## - GENERAL NOTE
General note Includes bibliographical references.
650 ## - SUBJECT ADDED ENTRY--TOPICAL TERM
Topical term or geographic name as entry element Reading.
9 (RLIN) 42587
650 ## - SUBJECT ADDED ENTRY--TOPICAL TERM
Topical term or geographic name as entry element Reading teachers -- Philippines.
9 (RLIN) 42588
650 ## - SUBJECT ADDED ENTRY--TOPICAL TERM
Topical term or geographic name as entry element Reading teachers.
9 (RLIN) 42589
942 ## - ADDED ENTRY ELEMENTS (KOHA)
Source of classification or shelving scheme Dewey Decimal Classification
Koha item type Filipiniana
Holdings
Withdrawn status Lost status Source of classification or shelving scheme Damaged status Not for loan Collection code Home library Current library Date acquired Source of acquisition Total Checkouts Full call number Barcode Date last seen Copy number Price effective from Koha item type
    Dewey Decimal Classification     Filipiniana UM Digos College - LIC UM Digos College - LIC 11/19/2020 Purchased   DFil 418.407 V71 1984 15243 06/08/2021 1 11/19/2020 Filipiniana
    Dewey Decimal Classification     Filipiniana UM Digos College - LIC UM Digos College - LIC 11/19/2020 Purchased   DFil 418.407 V71 1984 15263 05/15/2025 4 11/19/2020 Filipiniana
    Dewey Decimal Classification     Filipiniana UM Digos College - LIC UM Digos College - LIC 11/19/2020 Purchased   DFil 418.407 V71 1984 15264 05/15/2025 5 11/19/2020 Filipiniana
    Dewey Decimal Classification     Filipiniana UM Digos College - LIC UM Digos College - LIC 11/19/2020 Purchased   DFil 418.407 V71 1984 9750 05/15/2025 1 11/19/2020 Filipiniana